000
00316 a2200145 4500
001
160190
020
_a
040
_c
Magnum
100
_a
Pillar, Analia Dutra
240
1
0
_a
Fazendo artes na alfabetizacao
_l
por
245
1
0
_a
Fazendo artes na alfabetizacao
362
0
_a
1899
697
_a
ENSINO
942
_c
BK
999
_c
160190
_d
160190